Fourth five year plan. (Record no. 85963)

MARC details
000 -LEADER
fixed length control field 00717nam a22002171 4500
001 - CONTROL NUMBER
control field sa 68014684
003 - CONTROL NUMBER IDENTIFIER
control field DLC
005 - DATE AND TIME OF LATEST TRANSACTION
control field 20260227112634.0
008 - FIXED-LENGTH DATA ELEMENTS--GENERAL INFORMATION
fixed length control field 711115m19659999ii 00000 eng
010 ## - LIBRARY OF CONGRESS CONTROL NUMBER
LC control number sa 68014684
025 ## - OVERSEAS ACQUISITION NUMBER
Overseas acquisition number PL480:I-E-7410
043 ## - GEOGRAPHIC AREA CODE
Geographic area code a-ii---
050 0# - LIBRARY OF CONGRESS CALL NUMBER
Classification number Q180.I5
Item number A58
110 10 - MAIN ENTRY--CORPORATE NAME
Corporate name or jurisdiction name as entry element India (Republic).
Subordinate unit Working Group for Scientific Research.
245 10 - TITLE STATEMENT
Title Fourth five year plan.
260 1# - PUBLICATION, DISTRIBUTION, ETC.
Place of publication, distribution, etc. New Delhi
Date of publication, distribution, etc. [c1965-
300 ## - PHYSICAL DESCRIPTION
Extent v.
Dimensions 24 cm.
500 ## - GENERAL NOTE
General note Label on t.p.: Draft fourth five year plan submitted to the B.S.I.R. and the governing body of the C.S.I.R. by the Working Group for Scientific Research.
650 #0 - SUBJECT ADDED ENTRY--TOPICAL TERM
Topical term or geographic name entry element Research
Geographic subdivision India.
740 #1 - ADDED ENTRY--UNCONTROLLED RELATED/ANALYTICAL TITLE
Uncontrolled related/analytical title Draft fourth five year plan.

No items available.

Powered by Koha